000 00300nam a22001337a 4500
008 170202b xxu||||| |||| 00| 0 eng d
020 _a9780781732796
041 _aeng
080 _22ND
_a61
100 _a3
101 _aSHM
245 _aPATIENT-CENTERED INTERVIEWING
_cSMITH, R.C
942 _2udc
_cBK
999 _c4360
_d4360